Piłkarze którzy wygrali złotą piłkę w danym roku. - Statystyki

Ogólne statystyki
  • Ten quiz został rozwiązany 45 razy
  • Średni wynik to 5 z 8
Statystyki odpowiedzi
Rok Odpowiedź % Poprawnych
2008 Cristiano Ronaldo
92%
2017 Cristiano Ronaldo
92%
2007 Kaka
92%
2021 Lionel Messi
84%
2000 Luis Figo
55%
1999 Rivaldo
55%
1978 Kevin Keegan
16%
1980 Karl-Heinz Rummenigge
13%
Nie znaleziono quizów pasujących do podanych kryteriów
Rozkład punktacji
Procent ludzi z każdym wynikiem
Percentyl według liczby udzielonych odpowiedzi
Twoja historia wyników
Nie rozwiązałeś tego quizu